| 000 | 00793nam a22002651a 4500 | ||
|---|---|---|---|
| 001 | 29524 | ||
| 003 | BD-RjUL | ||
| 005 | 20211209051425.0 | ||
| 008 | 140403s1961 nbu b 000 0 eng | ||
| 035 | _a(BD-RjUL)29609 | ||
| 040 |
_aLC _beng _cLC _dABN:1 _dBD-RjUL |
||
| 041 | _aeng | ||
| 082 | 0 | 0 |
_a153.7 _bWYS 1961 |
| 100 | 1 |
_aWylie, Ruth C. _989990 |
|
| 245 | 1 | 4 |
_aThe self concept : _ba critical survey of pertinent research literature / _cRuth C. Wylie. |
| 260 |
_aLincoln : _bUniversity of Nebraska Press _c1961. |
||
| 300 |
_axiii, 390 p. : _c23 cm. |
||
| 504 | _aBibliography: p. 325-348. and index. | ||
| 650 | 0 |
_aSelf. _989991 |
|
| 650 | 0 |
_aSelf _xBibliography. _989992 |
|
| 650 | 0 |
_aPsychology _xResearch. _989993 |
|
| 942 |
_2ddc _cBK |
||
| 999 |
_c29524 _d29524 |
||